Catálogo
 En Linea

Invierte e independízate con bienes raíces : (Registro nro. 58264)

Detalles MARC
000 -CABECERA
campo de control de longitud fija 01634nam a2200277 i 4500
003 - IDENTIFICADOR DEL NÚMERO DE CONTROL
campo de control DO-SdBNP
005 - FECHA Y HORA DE LA ÚLTIMA TRANSACCIÓN
campo de control 20250514090532.0
007 - CAMPO FIJO DE DESCRIPCIÓN FÍSICA--INFORMACIÓN GENERAL
campo de control de longitud fija ta
008 - DATOS DE LONGITUD FIJA--INFORMACIÓN GENERAL
campo de control de longitud fija 250513b2024 dr ||||| |||| 00| 0 spa d
020 ## - NÚMERO INTERNACIONAL ESTÁNDAR DEL LIBRO
Número Internacional Estándar del Libro 9789945290707
040 ## - FUENTE DE LA CATALOGACIÓN
Centro catalogador/agencia de origen DO-SdBNP
Lengua de catalogación spa
Centro/agencia transcriptor BNPHU
Normas de descripción rda
041 ## - CÓDIGO DE LENGUA
Código de lengua del texto/banda sonora o título independiente spa
082 #4 - NÚMERO DE LA CLASIFICACIÓN DECIMAL DEWEY
Número de clasificación xxx
Número de documento/Ítem S211r
Número de edición 22
100 1# - ENTRADA PRINCIPAL--NOMBRE DE PERSONA
Nombre de persona Sánchez, Erga,
Término indicativo de función/relación autor
Código de función/relación aut.
9 (RLIN) 87085
245 10 - MENCIÓN DE TÍTULO
Título Invierte e independízate con bienes raíces :
Resto del título 12 pasos claves invertir con confianza y obtener ingresos constantes durante toda tu vida /
Mención de responsabilidad, etc. Erga Sánchez.
264 #4 - PRODUCCIÓN, PUBLICACIÓN, DISTRIBUCIÓN, FABRICACIÓN Y COPYRIGHT
Producción, publicación, distribución, fabricación y copyright Florida :
Nombre del de productor, editor, distribuidor, fabricante Escuela de Autores,
Fecha de producción, publicación, distribución, fabricación o copyright ©2024.
300 ## - DESCRIPCIÓN FÍSICA
Extensión 296 páginas ;
Dimensiones 23 cm.
336 ## - TIPO DE CONTENIDO
Término de tipo de contenido texto
Código de tipo de contenido txt
Fuente rdacontent
337 ## - TIPO DE MEDIO
Nombre/término del tipo de medio sin mediación
Código del tipo de medio n
Fuente rdamedia
338 ## - TIPO DE SOPORTE
Nombre/término del tipo de soporte volumen
Código del tipo de soporte nc
Fuente rdacarrier
500 ## - NOTA GENERAL
Nota general La biblioteca posee 1 ejemplar autografiado por el autor.
505 ## - NOTA DE CONTENIDO CON FORMATO
Nota de contenido con formato Introducción --
Título ¿Es o no es para mí la inversión inmobiliaria? --
-- Enfoque --
-- Tengo recursos económicos suficientes para invertir en bienes raíces --
-- ¿Quién me acompaña en este proceso? --
-- ¿Qué tipo de propiedad es la mas apropiada para mí? --
-- ¿Visita y comparación de propiedades? --
-- ¿Revisa la propiedad, haz inspecciones proceso de documentación? --
-- ¿Cómo consigo el mejor precio para la propiedad elegida? --
-- ¿Cuál es el proceso que debo seguir para obtener el financiamiento bancario o financiamiento con otras instituciones? --
-- ¿Ya adquirí la propiedad? --
-- ¿Qué medidas debo tomar para asegurar mi inversión?--
-- ¿Disfruta tu inversión y de tu vida? --
-- ¿Conclusión?--
590 ## - NOTA LOCAL (RLIN)
Nota local Inventariado, 2025 /LP
910 ## - DATOS DE OPCIÓN DEL USUARIO (OCLC)
Datos de opción del usuario LP
942 ## - ELEMENTOS DE PUNTO DE ACCESO ADICIONAL (KOHA)
Fuente del sistema de clasificación o colocación Dewey Decimal Classification
Tipo de ítem Koha Libro
Existencias
Estado de retiro Estado de pérdida Fuente del sistema de clasificación o colocación Restricciones de uso No para préstamo Código de colección Localización permanente Ubicación/localización actual Ubicación en estantería Fecha de adquisición Fuente de adquisición Total de préstamos Signatura topográfica completa Código de barras Fecha visto por última vez Precio válido a partir de Tipo de ítem Koha Número de copia
    Dewey Decimal Classification Excluido de préstamo   Patrimonio Dominicano Biblioteca Nacional Pedro Henríquez Ureña Biblioteca Nacional Pedro Henríquez Ureña En catalogación 15.11.2024 Depósito Legal   xxx S211r 2025-1334 28.02.2025 28.02.2025 Libro  
    Dewey Decimal Classification Excluido de préstamo   Patrimonio Dominicano Biblioteca Nacional Pedro Henríquez Ureña Biblioteca Nacional Pedro Henríquez Ureña En catalogación 15.11.2024 Depósito Legal   xxx S211r 2025-1335 28.02.2025 28.02.2025 Libro e.2
    Dewey Decimal Classification Préstamo en sala   Dominicana de Servicio Biblioteca Nacional Pedro Henríquez Ureña Biblioteca Nacional Pedro Henríquez Ureña En catalogación 15.11.2024 Depósito Legal   xxx S211r 2025-1336 28.02.2025 28.02.2025 Libro e.3

Con tecnología Koha